| 000 | 00907nas a2200325 4500 | ||
|---|---|---|---|
| 001 | BR8503261 | ||
| 003 | BR-BrBNA | ||
| 005 | 20231205090242.0 | ||
| 007 | ta | ||
| 008 | 230509b bl.|||p| |||| 00| 00por d | ||
| 040 |
_aBR-BrBNA _bpor _cBiblioteca Nacional de Agricultura |
||
| 041 | _a(Pt) | ||
| 072 | _aH20 | ||
| 100 | 1 | _aRibeiro, A.S. | |
| 245 | 1 | _aCom brusone, graos perdem a qualidade; alem dela, cuidado tambem com a mancha-parda [arroz] | |
| 650 | _aARROZ | ||
| 650 | _aBRUSONE | ||
| 650 | _aMANCHA PARDA | ||
| 650 | _aCERCOSPORIOSE | ||
| 650 | _aESCALDADURA | ||
| 650 | _aPODRIDAO DO COLMO | ||
| 650 | _aCARIE | ||
| 650 | _aPRATICA CULTURAL | ||
| 650 | _aSEMEADURA | ||
| 650 | _aPROFILAXIA | ||
| 650 | _aFUNGICIDA | ||
| 773 | 0 |
_tGranja (Brazil) _xISSN 0367-505X _g(Jul 1985), (no. 450) p. 40-45 _wBR8503261 |
|
| 909 |
_a202311 _bLúcia _c55 _dLúcia Elande |
||
| 942 |
_2AGRIS _n0 _cANA |
||
| 999 |
_c117128 _d117128 |
||